Účtová osnova a postupy účtovania pre podnikateľov Úplné znenie
Gespeichert in:
| Format: | Buch |
|---|---|
| Sprache: | Slowakisch |
| Veröffentlicht: |
Bratislava
Elita
1994
|
| Ausgabe: | 1. vyd. |
| Schlagworte: | |
| Tags: |
Keine Tags, Fügen Sie das erste Tag hinzu!
|
MARC
| LEADER | 00000nam a2200000 4500 | ||
|---|---|---|---|
| 001 | c005759 | ||
| 005 | 20221214075016.5 | ||
| 020 | |a 80-85323-71-0 | ||
| 041 | 0 | |a slo | |
| 044 | |a SK | ||
| 245 | 1 | 0 | |a Účtová osnova a postupy účtovania pre podnikateľov |b Úplné znenie |
| 250 | |a 1. vyd. | ||
| 264 | 1 | |a Bratislava |b Elita |c 1994 | |
| 300 | |a 91 s. | ||
| 610 | 2 | 0 | |a osnova účtová |
| 610 | 2 | 0 | |a podnikatelia |
| 610 | 2 | 0 | |a investície |
| 610 | 2 | 0 | |a náklady |
| 610 | 2 | 0 | |a pohľadávky |
| 610 | 2 | 0 | |a záväzky |
| 610 | 2 | 0 | |a úver bankový |
| 610 | 2 | 0 | |a účty bankové |
| 610 | 2 | 0 | |a peniaze |
| 610 | 2 | 0 | |a predpisy právne |
| 610 | 2 | 0 | |a smernice |